A Saga Of Love/ (Record no. 189463)
[ view plain ]
| 000 -LEADER | |
|---|---|
| fixed length control field | 00485nam a22001817a 4500 |
| 005 - DATE AND TIME OF LATEST TRANSACTION | |
| control field | 20220701125129.0 |
| 010 ## - LCCN (DPL NO) | |
| LC control number | Payal Dewal |
| 020 ## - INTERNATIONAL STANDARD BOOK NUMBER | |
| International Standard Book Number | 8178823810 |
| Terms of availability | 350.00 |
| 037 ## - SOURCE OF ACQUISITION | |
| Source of stock number/acquisition | Surinder Kumar & Sons |
| 082 ## - DEWEY DECIMAL CLASSIFICATION NUMBER | |
| Edition number | 2021 |
| 100 ## - MAIN ENTRY--PERSONAL NAME | |
| Personal name | Pant,Renu |
| 245 ## - TITLE STATEMENT | |
| Title | A Saga Of Love/ |
| Statement of responsibility, etc | Dr. Renu Pant |
| 250 ## - EDITION STATEMENT | |
| Edition statement | 2021 |
| 260 ## - PUBLICATION, DISTRIBUTION, ETC. (IMPRINT) | |
| Place of publication, distribution, etc | Delhi |
| Name of publisher, distributor, etc | Surinder Kumar & Sons |
| 270 ## - ADDRESS | |
| Address | 30/21A-22A,Gali No.9 Vishwas Nagar,Shahadara |
| City | Delhi |
| Postal code | 110032 |
| 300 ## - PHYSICAL DESCRIPTION | |
| Extent | 104p. |
| Dimensions | 23c.m(Hb) |
| 942 ## - ADDED ENTRY ELEMENTS (KOHA) | |
| Source of classification or shelving scheme | Dewey Decimal Classification |
| Item type | English Books |
| Call number suffix | PAN |
No items available.
